000 00307 a2200121 4500
001 54972
082 _a621.38121 BHA
090 _c34064
_d34064
100 _aBhattacharya, S. K.
245 _aFundamentals of power electronics
260 _aDelhi
_bVikas Pub House, Delhi
_c2006
300 _axi, 180 p
942 _aNUST-CAE
_k621.38121 BHA
999 _c290045
_d290045